书目信息 |
| 题名: |
非金属矿床
|
|
| 作者: | 赵东甫 编 | |
| 分册: | ||
| 出版信息: | 北京 地质出版社 1986 |
|
| 页数: | ||
| 开本: | 28cm | |
| 丛书名: | ||
| 单 册: | ||
| 中图分类: | P61 | |
| 科图分类: | ||
| 主题词: | 采矿地质学 , 矿床 | |
| 电子资源: | ||
| ISBN: | ||
| 000 | 00507nam0 2200193 450 | |
| 001 | 0736196517 | |
| 005 | 20070924100316.51 | |
| 010 | @d¥2.95 | |
| 100 | @a20070924d km y0chiy0120 ea | |
| 101 | 0 | @achi |
| 200 | 1 | @a非金属矿床@Afei jin shu kuang chuang@f赵东甫等编@Fzhao dong fu deng bian |
| 210 | @a北京@c地质出版社@d1986 | |
| 215 | @d28cm | |
| 606 | 0 | @a采矿地质学 |
| 606 | 0 | @a矿床 |
| 690 | @aP61@v3 | |
| 701 | 0 | @a赵东甫@Azhao dong fu@4编 |
| 801 | 0 | @aCN@bPFT@c20070924 |
| 905 | @a213230@dP61@eZY28@f1 | |
| 非金属矿床/赵东甫等编.-北京:地质出版社,1986 |
| 28cm |
| ISBN :¥2.95 |
| ● |
| 相关链接 |
|
|
|
|
正题名:非金属矿床
索取号:P61/ZY28
 
预约/预借
| 序号 | 登录号 | 条形码 | 馆藏地/架位号 | 状态 | 备注 |
| 1 | 7901201 | 279012015 | 密集书库-资源管理系/ [索取号:P61/ZY28] | 在馆 |